| 000 | 00805nam a22002535i 4500 | ||
|---|---|---|---|
| 001 | 11049 | ||
| 003 | ES-MaACL | ||
| 005 | 20231209062939.0 | ||
| 007 | t| | ||
| 008 | 890202s1986 sp ||||0| spa j | ||
| 016 | 7 | _zSAB9000040827 | |
| 020 | _a84-86290-06-6 | ||
| 040 |
_aM-BN-DP _bspa _cM-BN-DP |
||
| 080 | _a929 Miranda, Sebastián | ||
| 080 | _a73 Miranda, Sebastián | ||
| 100 | 1 |
_aGómez-Santos, Marino, _d1930-2020 _958158 |
|
| 245 | 1 | 3 |
_aEl Tiempo de Sebastián Miranda _b: una España insólita / _cMarino Gómez-Santos. |
| 260 |
_aMadrid : _bTestimonio, _c1986. |
||
| 300 |
_a156 p : _bil. col. y n ; _c31 cm. |
||
| 504 | _aBibliografía: p. 155-156. Indice. | ||
| 600 | 1 | 4 |
_aMiranda, Sebastián. _981537 |
| 852 |
_aES-MaACL _jL-18423 _bR.123476 |
||
| 999 |
_c11049 _d11049 |
||